[Event "Berlin Werner Ott op"]
[Site "Berlin"]
[Date "2019.06.28"]
[Round "7"]
[White "Krueger, Robin Kevin"]
[Black "Malek, Daniel"]
[Result "0-1"]
[WhiteElo "2009"]
[BlackElo "2362"]
[PlyCount "68"]
[EventDate "2019.06.22"]
[EventType "swiss"]
[EventRounds "9"]
[EventCountry "GER"]
[SourceTitle "EXT 2022"]
[Source "ChessBase"]
[SourceDate "2021.10.06"]
[SourceVersion "1"]
[SourceVersionDate "2021.10.06"]
[SourceQuality "1"]

1. e4 c6 2. d4 d5 3. exd5 cxd5 4. c4 Nf6 5. Nc3 e6 6. Nf3 Bb4 7. cxd5 Nxd5 8. Qc2 Nc6 9. Bd3 Ba5 10. a3 Nxc3 11. bxc3 Nxd4 12. Nxd4 Qxd4 13. Bb5+ Bd7 14. 0-0 Qd5 15. a4 Bc6 16. Bxc6+ Qxc6 17. Ba3 0-0-0 18. Rfb1 Kb8 19. Rb5 Qxc3 20. Qb1 Rd7 21. Bb2 Qd2 22. Bxg7 Rhd8 23. Be5+ Ka8 24. g3 Qe2 25. Qxh7 Bb6 26. Rxb6 axb6 27. Bf6 Rd2 28. Rf1 Rd1 29. Rxd1 Rxd1+ 30. Kg2 Rd2 31. Bd4 Ka7 32. Qh4 e5 33. Bxb6+ Kxb6 34. Qb4+ Ka7 0-1

[Event "Oberliga Nord W 1819"]
[Site "Germany"]
[Date "2019.02.03"]
[Round "6.8"]
[White "Witthaus, Joerg"]
[Black "Krueger, Robin Kevin"]
[Result "0-1"]
[WhiteElo "2017"]
[BlackElo "1970"]
[PlyCount "116"]
[EventDate "2018.10.21"]
[EventType "team-tourn"]
[EventRounds "9"]
[EventCountry "GER"]
[SourceTitle "EXT 2020"]
[Source "ChessBase"]
[SourceDate "2019.10.17"]
[SourceVersion "1"]
[SourceVersionDate "2019.10.17"]
[SourceQuality "1"]
[WhiteTeam "Hannover SF"]
[BlackTeam "Tostedt"]
[WhiteTeamCountry "GER"]
[BlackTeamCountry "GER"]

1. d4 d5 2. c4 e6 3. Nc3 c5 4. cxd5 exd5 5. Nf3 Nc6 6. g3 Nf6 7. Bg2 Be7 8. 0-0 0-0 9. Bg5 c4 10. Ne5 Be6 11. b3 h6 12. Bxf6 Bxf6 13. Nxc6 bxc6 14. bxc4 dxc4 15. e3 c5 16. Ne4 cxd4 17. Nxf6+ gxf6 18. exd4 Rc8 19. d5 Bd7 20. Qd2 c3 21. Qxh6 Re8 22. Rab1 Rc4 23. d6 c2 24. Rbc1 Bf5 25. Bd5 Rc5 26. Qd2 Qa5 27. Qxa5 Rxa5 28. Bb3 Rc5 29. f3 Rd8 30. Kf2 Rxd6 31. Rfe1 Kf8 32. Re3 Rd2+ 33. Re2 Rd4 34. Ke1 Rc3 35. Kf2 a5 36. Re3 Rd2+ 37. Re2 Rd4 38. Re3 Bd3 39. Ke1 Rc5 40. Rxd3 Rxd3 41. Rxc2 Rxc2 42. Bxc2 Rxf3 43. Ke2 Ra3 44. Bb3 a4 45. Bd5 Rc3 46. Kd2 Rc5 47. Be4 Kg7 48. Bc2 a3 49. Bb3 Kg6 50. Kd3 f5 51. Kd2 f6 52. Kd3 Kg5 53. Bc4 Kg4 54. Kd4 Re5 55. Kc3 Kh3 56. Kb4 Re4 57. Kc3 Rxc4+ 58. Kxc4 Kxh2 0-1

[Event "Berlin Lichtenberger op 16th"]
[Site "Berlin"]
[Date "2017.08.23"]
[Round "5"]
[White "Krueger, Robin Kevin"]
[Black "Florstedt, Johannes"]
[Result "0-1"]
[WhiteElo "1930"]
[BlackElo "2232"]
[PlyCount "60"]
[EventDate "2017.08.19"]
[EventType "swiss"]
[EventRounds "9"]
[EventCountry "GER"]
[SourceTitle "CBM 180 Extra"]
[Source "ChessBase"]
[SourceDate "2017.10.06"]
[SourceVersion "1"]
[SourceVersionDate "2017.10.06"]
[SourceQuality "1"]

1. e4 e5 2. Nf3 Nc6 3. Bc4 Nf6 4. Ng5 d5 5. exd5 Na5 6. Bb5+ c6 7. dxc6 bxc6 8. Bd3 Nd5 9. Nf3 Bd6 10. 0-0 Nf4 11. Re1 Nxd3 12. cxd3 0-0 13. Nc3 c5 14. b3 Re8 15. Ne4 Bf8 16. Ba3 Nc6 17. Rc1 Nb4 18. Bxb4 cxb4 19. Ng3 Bb7 20. Nxe5 Qa5 21. Nc4 Rxe1+ 22. Qxe1 Qxa2 23. Ra1 Qxb3 24. Na5 Qd5 25. Qe4 Re8 26. Qxd5 Bxd5 27. Nc4 b3 28. Rb1 Rb8 29. Ne2 Bc5 30. Nc1 b2 0-1

[Event "Berlin Lieb Memorial 3rd"]
[Site "Berlin"]
[Date "2017.06.15"]
[Round "4"]
[White "Doering, Martin"]
[Black "Krueger, Robin Kevin"]
[Result "1/2-1/2"]
[WhiteElo "1758"]
[BlackElo "1913"]
[PlyCount "118"]
[EventDate "2017.05.11"]
[EventType "swiss"]
[EventRounds "7"]
[EventCountry "GER"]
[SourceTitle "CBM 189 Extra"]
[Source "ChessBase"]
[SourceDate "2019.05.31"]
[SourceVersion "1"]
[SourceVersionDate "2019.05.31"]
[SourceQuality "1"]

1. d4 d5 2. e4 c6 3. e5 g6 4. Bd3 Bg7 5. Ne2 Na6 6. c3 Nc7 7. 0-0 Nh6 8. Ng3 0-0 9. h3 f6 10. f4 fxe5 11. fxe5 Be6 12. Be3 Qd7 13. Kh2 Nf5 14. Nxf5 Bxf5 15. Na3 Rf7 16. g4 Bxd3 17. Rxf7 Kxf7 18. Qxd3 Kg8 19. Rf1 Rf8 20. Rxf8+ Bxf8 21. Nc2 Qe8 22. Qf1 Ne6 23. Ne1 Qf7 24. Qxf7+ Kxf7 25. Nd3 Ke8 26. Kg3 b5 27. a3 Kd7 28. Kf3 Kc7 29. Kg3 Kb7 30. b4 Kc8 31. Kf3 Nc7 32. Kg3 Ne6 33. Kf3 Kd7 34. Kg3 Ke8 35. Kf3 Kd8 36. Kg3 Kc8 37. Kf3 Kb7 38. Kg3 Kc7 39. Kf3 Kc8 40. Kg3 Kd7 41. Kf3 Ke8 42. Kg3 Nc7 43. Kf3 e6 44. Kg3 Na8 45. Nb2 Be7 46. Bd2 Kd7 47. Be3 Nb6 48. Bd2 Kc8 49. Be3 Kb7 50. Bc1 a5 51. Nd3 Na4 52. Bd2 axb4 53. axb4 Kc8 54. Kf3 Kd7 55. Kg3 Ke8 56. Kf3 Kf7 57. Kg3 Nb6 58. Bc1 Nc4 59. Ne1 Kg8 1/2-1/2

[Event "Berlin-ch QT"]
[Site "Berlin"]
[Date "2016.03.29"]
[Round "4"]
[White "Krueger, Robin Kevin"]
[Black "Heerde, Thomas"]
[Result "1-0"]
[WhiteElo "1809"]
[BlackElo "2022"]
[PlyCount "137"]
[EventDate "2016.03.26"]
[EventType "swiss"]
[EventRounds "9"]
[EventCountry "GER"]
[SourceTitle "EXT 2022"]
[Source "ChessBase"]
[SourceDate "2021.10.06"]
[SourceVersion "1"]
[SourceVersionDate "2021.10.06"]
[SourceQuality "1"]

1. e4 c5 2. d4 cxd4 3. c3 dxc3 4. Nxc3 Nc6 5. Nf3 g6 6. Bc4 Bg7 7. e5 Qa5 8. 0-0 Nxe5 9. Nxe5 Bxe5 10. Nb5 d6 11. Re1 Bg4 12. Rxe5 dxe5 13. Qxg4 Qe1+ 14. Bf1 Nf6 15. Qh4 0-0 16. b3 a6 17. Na3 Qc3 18. Rb1 b5 19. Bb2 Qd2 20. Bxe5 Qxa2 21. Bb2 Rfd8 22. Qb4 Nd5 23. Qd4 f6 24. Rd1 Qxb3 25. Rd3 Qb4 26. Nc2 Qxd4 27. Nxd4 Nf4 28. Rf3 e5 29. Nc6 Rd1 30. g3 Nd5 31. Rd3 Rxd3 32. Bxd3 Rc8 33. Be4 Nb6 34. Ne7+ Kf7 35. Nxc8 Nxc8 36. Bb7 Nd6 37. Bxa6 b4 38. Bd3 Ke6 39. Kf1 Kd5 40. Ke2 Nb7 41. Kd2 Nc5 42. f3 Na4 43. Ba1 b3 44. Kc1 f5 45. Bb5 Nc5 46. Bc3 e4 47. fxe4+ Nxe4 48. Bg7 g5 49. Bh6 Nd6 50. Ba4 g4 51. Bxb3+ Ke4 52. Kd2 Kf3 53. Bd5+ Kf2 54. Be3+ Kf1 55. Bc5 Ne8 56. Kd3 Nc7 57. Bc6 Ne6 58. Be3 h5 59. Bd5 Ng7 60. Kd4 h4 61. gxh4 Nh5 62. Bf7 Nf6 63. Ke5 Ne4 64. Kxf5 g3 65. hxg3 Nxg3+ 66. Kf4 Kg2 67. Kg4 Ne4 68. Bd5 Kh2 69. Bf4+ 1-0